000 01419cam a22002895a 4500
008 131205r20041993enk||||frb||| 001 0 eng d
020 _a082645173X
020 _a9780826451736
040 _beng
_dEG-ScBUE
082 0 4 _222
_a320.5
_bEAT
245 1 0 _aContemporary political ideologies /
_cedited by Roger Eatwell and Anthony Wright.
250 _a2nd ed.
260 _aLondon ;
_aNew York :
_bContinuum,
_c2004.
300 _aviii, 296 p. ;
_c24 cm.
500 _aFirst published : p. 1993.
500 _aIndex : p. 291-296.
504 _aIncludes bibliographical references.
505 _aIntroduction: What Are Political Ideologies? / Roger Eatwell -- Liberalism / Richard Bellamy -- Conservatism / Noel O'Sullivan -- Social Democracy and Democratic Socialism / Anthony Wright -- Marxism and Communism / Joseph V. Femia -- Anarchism / Jeremy Jennings -- Nationalism / Roger Griffin -- Fascism / Roger Eatwell -- Feminism / Valerie Bryson -- Ecologism / Andrew Dobson -- Islam and Fundamentalism / Youssef Choueiri -- Conclusion: The 'End of Ideology'? / Roger Eatwell.
650 7 _91313
_aPolitical science.
_2BUEsh
650 7 _91314
_aRight and left (Political science).
_2BUEsh
650 7 _91315
_aIdeology.
651 _2BUEsh
653 _bLLAAWW
_cJuly2016
700 1 _aWright, Anthony,‏
_d1948-
_eeditor.
_940435
700 1 _aEatwell, Roger
_eeditor.
_934541
942 _2ddc
_cBB
_k320.5 EAT
999 _c17784
_d17756